=LDR 00000nam 2200000 4500 =001 000602 =005 20250711103423 =035 ##$$a 0010-0725000470 =007 ta =008 250711################a##########0#ind## =020 ##$$a 978-623-118-882-3 =082 ##$$a 398.209 598 =084 ##$$a 398.209 598 ZAH t =100 #$$a Zahrotun Ulfah =245 1#$$a Tun Teha Usai Dari Morella /$c Zahrotun Ulfah =250 ##$$a Cetakan Pertama =260 ##$$a Jakarta Timur :$b Badan Pengembangan dan Pembinaan Bahasa,$c 2022 =300 ##$$a 24 hlm : $b ilus. ; $c 29,7 cm =650 #4$$a Cerita Bergambar =600 #4$$a Cerita anak-Indonesia =856 ##$$a TBM AS SUHADA =990 ##$$a TBM03650365